000 01333nam0a22003371 4500
001 v19\rc\1948079
005 20251118180907.3
035 _a(NLR Aleph) 005033305
090 _a6714413
_c6714413
100 _a20080428d1913 u y0rusy50 ca
101 0 _arus
102 _aRU
105 _ay z |||a|
200 1 _aЗоренька ясная
_eСтихи о светлой воле
_fА.И. Ст-ов
210 _aУфа
_cК.И. Надеждинский
_d1913
215 _a[4], 76 с.
_d17
327 1 _aСодерж.: Памяти няни. Детский смех. Еще зима!. Грачи прилетели!. Свежею водицей снеговою... [и др.]
464 0 _12001#$aПамяти няни
_tПамяти няни
464 0 _12001#$aДетский смех
_tДетский смех
464 0 _12001#$aЕще зима!
_tЕще зима!
464 0 _12001#$aГрачи прилетели!
_tГрачи прилетели!
464 0 _12001#$aСвежею водицей снеговою...
_tСвежею водицей снеговою...
701 1 _aСт-ов
_bА.И.
801 0 _aRU
_bNLR
_gpsbo
801 0 _aRU
_bRuMoRGB
_2psbo
801 1 _aRU
_bProSoft-M
_2rusmarc
852 _aNLR
_j43.16.9.594
899 _aRuMoRGB
_jV 35/1358
899 _aБАН
942 _cBOOK
980 _aNB